[Event "Asia Cities-ch 18th"]
[Site "Tagaytay City"]
[Date "2013.10.20"]
[Round "1.2"]
[White "Ali, Abdulkhaleq"]
[Black "Lin, Chen"]
[Result "0-1"]
[WhiteElo "2074"]
[BlackElo "2466"]
[PlyCount "72"]
[EventDate "2013.10.20"]
[EventType "team-swiss"]
[EventRounds "9"]
[EventCountry "PHI"]
[SourceTitle "EXT 2014"]
[Source "ChessBase"]
[SourceDate "2013.11.20"]
[SourceVersion "1"]
[SourceVersionDate "2013.11.20"]
[SourceQuality "1"]
[WhiteTeam "Abu Dhabi"]
[BlackTeam "Wuxi"]
[WhiteTeamCountry "UAE"]
[BlackTeamCountry "CHN"]

1. d4 Nf6 2. c4 g6 3. Nc3 Bg7 4. Nf3 d6 5. g3 0-0 6. Bg2 Nc6 7. 0-0 a6 8. h3 Bd7 9. Re1 Rb8 10. e4 e5 11. d5 Nd4 12. Nxd4 exd4 13. Ne2 c5 14. dxc6 bxc6 15. Nxd4 Re8 16. Nb3 Rb4 17. Qc2 d5 18. cxd5 cxd5 19. Bd2 Rc4 20. Qd3 Nxe4 21. Qxd5 Nxd2 22. Qxd2 Be6 23. Qe2 Qb8 24. Rad1 Rec8 25. Bd5 Rc2 26. Qxa6 Bxh3 27. Re7 Rf8 28. Rd2 Rxd2 29. Nxd2 Qxb2 30. Qe2 h5 31. Nf3 Qxe2 32. Rxe2 Bf6 33. Rc2 Rd8 34. Rc5 Bg4 35. Nd2 Be7 36. Ra5 Bb4 0-1

[Event "UAE-ch"]
[Site "Abu Dhabi"]
[Date "2011.06.30"]
[Round "6"]
[White "Ali, Abdulkhaleq"]
[Black "Al Kaabi, Abdulla"]
[Result "0-1"]
[WhiteElo "2072"]
[BlackElo "1904"]
[PlyCount "45"]
[EventDate "2011.06.25"]
[EventType "swiss"]
[EventRounds "9"]
[EventCountry "UAE"]
[SourceTitle "CBM 143 Extra"]
[Source "ChessBase"]
[SourceDate "2011.08.29"]
[SourceVersion "1"]
[SourceVersionDate "2011.08.29"]
[SourceQuality "1"]

1. d4 Nf6 2. c4 e6 3. Nf3 d5 4. g3 Be7 5. Bg2 0-0 6. 0-0 b6 7. Qc2 Bb7 8. Bf4 Na6 9. Ne5 c5 10. dxc5 Bxc5 11. Nc3 Qe7 12. Bg5 Rad8 13. Ng4 Kh8 14. e4 Nb4 15. Qb1 dxe4 16. a3 Nd3 17. Nxe4 Bd4 18. Rd1 Bxe4 19. Bxe4 Nxf2 20. Nxf2 Bxf2+ 21. Kg2 h6 22. Bxf6 Qxf6 23. Qc2 0-1

[Event "Asia Cities-ch 16th"]
[Site "Beirut"]
[Date "2009.04.17"]
[Round "2.2"]
[White "Kassis, Antoine"]
[Black "Ali, Abdulkhaleq"]
[Result "1-0"]
[WhiteElo "2239"]
[BlackElo "2130"]
[PlyCount "85"]
[EventDate "2009.04.16"]
[EventType "team-swiss"]
[EventRounds "9"]
[EventCountry "LBN"]
[SourceTitle "EXT 2020"]
[Source "ChessBase"]
[SourceDate "2019.10.17"]
[SourceVersion "1"]
[SourceVersionDate "2019.10.17"]
[SourceQuality "1"]
[WhiteTeam "Furn El Chebbak area"]
[BlackTeam "Abu Dhabi"]
[WhiteTeamCountry "LBN"]
[BlackTeamCountry "UAE"]

1. e4 c6 2. d4 d5 3. f3 e6 4. Nc3 Nf6 5. e5 Nfd7 6. f4 c5 7. Nf3 Nc6 8. Be3 a6 9. Qd2 Be7 10. 0-0-0 c4 11. f5 b5 12. fxe6 fxe6 13. Ne2 b4 14. Nf4 Nf8 15. Nh5 Qa5 16. Kb1 c3 17. Qf2 b3 18. Nxg7+ Kd7 19. cxb3 c2+ 20. Kxc2 Qxa2 21. Bd2 Rb8 22. Qe3 Ba3 23. Rb1 a5 24. Bc3 Qxb3+ 25. Kd2 Qa2 26. Kc1 Be7 27. Bd3 Rg8 28. Nh5 Rxg2 29. Nf4 Rg4 30. h3 Rg3 31. Qf2 Rg8 32. Nh5 Nb4 33. Bxb4 Rxb4 34. Nf6+ Bxf6 35. exf6 Rb3 36. Ne5+ Kd8 37. f7 Rg6 38. Bxg6 hxg6 39. Qf6+ Kc7 40. Qe7+ Bd7 41. Nxd7 Nxd7 42. f8Q Rb8 43. Qd6+ 1-0

[Event "Olympiad-38"]
[Site "Dresden"]
[Date "2008.11.22"]
[Round "9"]
[White "Vallejo Pons, Francisco"]
[Black "Ali, Abdulkhaleq"]
[Result "1-0"]
[WhiteElo "2664"]
[BlackElo "2130"]
[PlyCount "71"]
[EventDate "2008.11.13"]
[EventType "team-swiss"]
[EventRounds "11"]
[EventCountry "GER"]
[SourceTitle "CBM 128"]
[Source "ChessBase"]
[SourceDate "2009.01.28"]
[SourceVersion "1"]
[SourceVersionDate "2009.01.28"]
[SourceQuality "1"]
[WhiteTeam "Spain"]
[BlackTeam "United Arab Emirates"]
[WhiteTeamCountry "ESP"]
[BlackTeamCountry "UAE"]

1. d4 Nf6 2. Nf3 e6 3. g3 b6 4. Bg2 Bb7 5. c4 Bb4+ 6. Nbd2 0-0 7. 0-0 d5 8. cxd5 exd5 9. a3 Bd6 10. Ne5 c5 11. Ndc4 Bc7 12. dxc5 bxc5 13. Nd3 Nbd7 14. Nf4 Nb6 15. Na5 Ba6 16. b4 Be5 17. Nc6 Qc7 18. Nxe5 Qxe5 19. Rb1 c4 20. Be3 Rad8 21. Bd4 Qc7 22. e3 Ne4 23. Qc2 f5 24. Ne6 Qd7 25. Nxf8 Rxf8 26. f3 Nd6 27. Bc5 Bb5 28. e4 Na4 29. exd5 Rc8 30. Qf2 a6 31. Rfe1 Nb7 32. Re7 Qxd5 33. f4 Qd3 34. Bxb7 Qxb1+ 35. Re1 Qd3 36. Bxc8 1-0

[Event "UAE President's Cup"]
[Site "Al Ain"]
[Date "2008.08.23"]
[Round "1"]
[White "Ali, Abdulkhaleq"]
[Black "Al Zarooni, Eisa"]
[Result "1-0"]
[WhiteElo "2130"]
[BlackElo "1719"]
[PlyCount "69"]
[EventDate "2008.08.23"]
[EventType "swiss"]
[EventRounds "9"]
[EventCountry "UAE"]
[SourceTitle "CBM 126 Extra"]
[Source "ChessBase"]
[SourceDate "2008.11.05"]
[SourceVersion "1"]
[SourceVersionDate "2008.11.05"]
[SourceQuality "1"]

1. d4 d5 2. Nf3 Nf6 3. e3 c5 4. c4 e6 5. Nc3 Nc6 6. Bd3 Bd6 7. 0-0 0-0 8. a3 b6 9. b3 Bb7 10. Bb2 Bc7 11. Rc1 Re8 12. Nb5 cxd4 13. Nxc7 Qxc7 14. cxd5 Nxd5 15. Nxd4 Qd6 16. Nb5 Qd7 17. Qh5 h6 18. Rfd1 Rac8 19. Qg4 f6 20. e4 f5 21. exf5 e5 22. Qg3 a6 23. Bc4 Nce7 24. Nc3 b5 25. Nxd5 Nxd5 26. Bxd5+ Bxd5 27. Rxc8 Rxc8 28. Qxe5 Re8 29. Qd4 Re4 30. Qxe4 Bxe4 31. Rxd7 Bxf5 32. Rxg7+ Kf8 33. f4 Bc2 34. b4 Bf5 35. g4 1-0

[Event "Abu Dhabi op 09th"]
[Site "Abu Dhabi"]
[Date "1999.08.30"]
[Round "9"]
[White "Kaabi, Mejdi"]
[Black "Ali, Abdulkhaleq"]
[Result "1-0"]
[WhiteElo "2362"]
[BlackElo "2092"]
[PlyCount "83"]
[EventDate "1999.08.21"]
[EventType "swiss"]
[EventRounds "9"]
[EventCountry "UAE"]
[SourceTitle "EXT 2000"]
[Source "ChessBase"]
[SourceDate "1999.11.16"]
[SourceVersion "1"]
[SourceVersionDate "1999.11.16"]
[SourceQuality "1"]

1. d4 Nf6 2. Nf3 e6 3. c4 b6 4. a3 Bb7 5. Nc3 d5 6. cxd5 exd5 7. Qa4+ c6 8. g3 Bd6 9. Bg2 Nbd7 10. 0-0 0-0 11. Nh4 c5 12. Nf5 Bc7 13. dxc5 bxc5 14. Qh4 Ne5 15. Bg5 Ng6 16. Bxf6 Qxf6 17. Qxf6 gxf6 18. Bxd5 Rab8 19. Rab1 Ba6 20. Ne3 Be5 21. Bc4 Bxc3 22. bxc3 Bxc4 23. Nxc4 Rfe8 24. Rxb8 Rxb8 25. Rd1 Rb3 26. Rd8+ Kg7 27. Ne3 Nf8 28. Nf5+ Kg8 29. c4 Rxa3 30. Rc8 Ra2 31. e3 a5 32. Rxc5 a4 33. Ra5 a3 34. g4 Rc2 35. Rxa3 Rxc4 36. Ra8 Rc7 37. Kg2 Rc5 38. e4 Rc4 39. f3 Rc3 40. h4 Rd3 41. Kg3 Rd7 42. Re8 1-0

[Event "Abu Dhabi op 09th"]
[Site "Abu Dhabi"]
[Date "1999.08.27"]
[Round "6"]
[White "Khalid, Al Shaali"]
[Black "Ali, Abdulkhaleq"]
[Result "0-1"]
[WhiteElo "2211"]
[BlackElo "2092"]
[PlyCount "80"]
[EventDate "1999.08.21"]
[EventType "swiss"]
[EventRounds "9"]
[EventCountry "UAE"]
[SourceTitle "EXT 2000"]
[Source "ChessBase"]
[SourceDate "1999.11.16"]
[SourceVersion "1"]
[SourceVersionDate "1999.11.16"]
[SourceQuality "1"]

1. d4 Nf6 2. c4 e6 3. Nf3 b6 4. a3 Bb7 5. Nc3 d5 6. cxd5 Nxd5 7. Qc2 Be7 8. e4 Nxc3 9. bxc3 c5 10. Bb5+ Bc6 11. Bxc6+ Nxc6 12. Qa4 Qd7 13. 0-0 0-0 14. Bf4 Rfd8 15. Rfd1 Ne5 16. Qxd7 Nxf3+ 17. gxf3 Rxd7 18. d5 exd5 19. Rxd5 Rxd5 20. exd5 Bf6 21. Rd1 g5 22. Bc7 Rc8 23. Bg3 Bxc3 24. d6 Rd8 25. Rd5 f6 26. f4 gxf4 27. Bxf4 Be5 28. Bxe5 fxe5 29. Rxe5 Rxd6 30. Re7 a6 31. a4 Rc6 32. Kf1 b5 33. a5 c4 34. Ke2 b4 35. Kd2 Rf6 36. Ke3 b3 37. Rb7 Rd6 38. Rb4 Rd5 39. f4 Rxa5 40. Kd4 Rb5 0-1

[Event "Abu Dhabi op 09th"]
[Site "Abu Dhabi"]
[Date "1999.08.21"]
[Round "1"]
[White "Ali, Abdulkhaleq"]
[Black "Guliev, Logman"]
[Result "0-1"]
[WhiteElo "2092"]
[BlackElo "2425"]
[PlyCount "82"]
[EventDate "1999.08.21"]
[EventType "swiss"]
[EventRounds "9"]
[EventCountry "UAE"]
[SourceTitle "EXT 2000"]
[Source "ChessBase"]
[SourceDate "1999.11.16"]
[SourceVersion "1"]
[SourceVersionDate "1999.11.16"]
[SourceQuality "1"]

1. d4 Nf6 2. c4 g6 3. Nc3 Bg7 4. e4 d6 5. Nf3 0-0 6. Be2 Na6 7. 0-0 e5 8. Be3 exd4 9. Nxd4 Re8 10. f3 Nc5 11. Nd5 c6 12. Nxf6+ Qxf6 13. Qd2 Qe7 14. Nb3 Be6 15. Rad1 Nxb3 16. axb3 d5 17. Bg5 Qc7 18. Kh1 dxe4 19. fxe4 Qe5 20. Bf3 Qxb2 21. Qxb2 Bxb2 22. Rf2 Be5 23. Rfd2 f6 24. Be3 a5 25. Bb6 a4 26. bxa4 Rxa4 27. c5 Rea8 28. g3 Bh3 29. Kg1 Ra1 30. Rxa1 Rxa1+ 31. Kf2 Be6 32. Be2 Ra4 33. Ke3 Kf7 34. Rd8 Ra3+ 35. Kf2 h5 36. Rd3 Ra1 37. Rd1 Ra2 38. Ke3 Rxe2+ 39. Kxe2 Bg4+ 40. Kd2 Bxd1 41. Kxd1 h4 0-1

[Event "Terrassa op 6th"]
[Site "Terrassa"]
[Date "1999.??.??"]
[Round "1"]
[White "Ali, Abdulkhaleq"]
[Black "Moskalenko, Viktor"]
[Result "1/2-1/2"]
[WhiteElo "2092"]
[BlackElo "2469"]
[PlyCount "126"]
[EventDate "1999.07.17"]
[EventType "swiss"]
[EventRounds "9"]
[EventCountry "ESP"]
[SourceTitle "EXT 2001"]
[Source "ChessBase"]
[SourceDate "2000.11.22"]
[SourceVersion "1"]
[SourceVersionDate "2000.11.22"]
[SourceQuality "1"]

1. d4 Nf6 2. c4 c5 3. d5 e6 4. Nc3 exd5 5. cxd5 d6 6. e4 g6 7. Nf3 Bg7 8. h3 0-0 9. Bd3 a6 10. a4 Qc7 11. 0-0 c4 12. Be2 Nbd7 13. Nd2 Nc5 14. Qc2 Bd7 15. Bxc4 Rac8 16. Ra3 Rfe8 17. a5 Nfxe4 18. Ncxe4 Nxe4 19. Nxe4 Bf5 20. Re1 Bxe4 21. Rxe4 Rxe4 22. Qxe4 Qxc4 23. Qxc4 Rxc4 24. Be3 Rb4 25. Rd3 Be5 26. b3 Rb5 27. Bb6 Kf8 28. Kf1 Ke7 29. Ke2 Bb2 30. Re3+ Kd7 31. Rd3 Ba3 32. Rf3 f5 33. Rc3 Bc5 34. Bxc5 dxc5 35. g4 fxg4 36. hxg4 Kd6 37. Rh3 Kxd5 38. Rxh7 Ke5 39. Rg7 Kf6 40. Rc7 Kg5 41. f3 Kf4 42. Rf7+ Ke5 43. Rg7 Kf6 44. Rc7 Kg5 45. Kf2 Kf4 46. Rf7+ Ke5 47. Rg7 Kf6 48. Rc7 g5 49. Ke2 Ke5 50. Rg7 Rxb3 51. Rxg5+ Kd4 52. Rg7 Rb2+ 53. Kd1 Rf2 54. Rf7 c4 55. g5 Kd3 56. Rd7+ Kc3 57. Rxb7 Rxf3 58. g6 Rd3+ 59. Ke1 Rg3 60. Rb6 Rg5 61. Rxa6 Kb4 62. Kd2 Kb5 63. Rf6 Kxa5 1/2-1/2

[Event "Olympiad-33"]
[Site "Elista"]
[Date "1998.10.05"]
[Round "7.3"]
[White "Muir, Andrew Joseph"]
[Black "Ali, Abdulkhaleq"]
[Result "1-0"]
[WhiteElo "2305"]
[BlackElo "2080"]
[PlyCount "47"]
[EventDate "1998.09.29"]
[EventType "team-swiss"]
[EventRounds "13"]
[EventCountry "RUS"]
[SourceTitle "CBM 068"]
[Source "ChessBase"]
[SourceDate "1999.02.01"]
[SourceVersion "1"]
[SourceVersionDate "1999.02.01"]
[SourceQuality "1"]
[WhiteTeam "Scotland"]
[BlackTeam "United Arab Emirates"]
[WhiteTeamCountry "SCO"]
[BlackTeamCountry "UAE"]

1. d4 Nf6 2. c4 e6 3. Nc3 b6 4. e4 d5 5. cxd5 exd5 6. e5 Ne4 7. Bd3 Nxc3 8. bxc3 Be7 9. f4 c5 10. Nf3 cxd4 11. cxd4 Bb4+ 12. Bd2 Bxd2+ 13. Qxd2 Nc6 14. 0-0 Ne7 15. Rac1 Bf5 16. Bxf5 Nxf5 17. Qd3 Qd7 18. Ng5 h6 19. e6 fxe6 20. Nxe6 Ne7 21. Nc7+ Kf7 22. Nxa8 Rxa8 23. f5 Kg8 24. f6 1-0

[Event "Asia Cities-ch 11th"]
[Site "Genting Highlands"]
[Date "1998.04.13"]
[Round "6"]
[White "Aung, Thant Zin"]
[Black "Ali, Abdulkhaleq"]
[Result "1-0"]
[WhiteElo "2195"]
[BlackElo "2080"]
[PlyCount "79"]
[EventDate "1998.04.09"]
[EventType "team-swiss"]
[EventRounds "9"]
[EventCountry "MAS"]
[SourceTitle "EXT 2020"]
[Source "ChessBase"]
[SourceDate "2019.10.17"]
[SourceVersion "1"]
[SourceVersionDate "2019.10.17"]
[SourceQuality "1"]
[WhiteTeam "Mandalay"]
[BlackTeam "Abu Dhabi"]
[WhiteTeamCountry "MYA"]
[BlackTeamCountry "UAE"]

1. e4 d5 2. exd5 Nf6 3. Nf3 Nxd5 4. d4 Bg4 5. Be2 e6 6. 0-0 Nc6 7. c4 Nb6 8. Be3 Be7 9. Nc3 0-0 10. Qd2 Bxf3 11. gxf3 f5 12. f4 Bf6 13. Rad1 Ne7 14. Kh1 c6 15. b3 Qc7 16. a4 a5 17. Bf3 Rfd8 18. Qc1 Kh8 19. Rg1 Rd7 20. Ne2 Rad8 21. h3 Nbc8 22. Kh2 Qb6 23. Qc2 Qc7 24. Bh5 Ng8 25. Bf3 Nge7 26. Qc1 Ng6 27. Rd2 Nh4 28. Bh1 g5 29. Rg3 gxf4 30. Nxf4 Re8 31. Nh5 Be7 32. Re2 Ng6 33. Nf4 Nxf4 34. Bxf4 Bd6 35. Bxd6 Nxd6 36. Qh6 Rde7 37. Qf6+ Rg7 38. Rxe6 Qf7 39. Rxd6 Qxf6 40. Rxf6 1-0

[Event "Asia Cities-ch 11th"]
[Site "Genting Highlands"]
[Date "1998.04.11"]
[Round "5"]
[White "Ali, Abdulkhaleq"]
[Black "Dwyer, Daniel"]
[Result "0-1"]
[WhiteElo "2080"]
[BlackElo "2135"]
[PlyCount "74"]
[EventDate "1998.04.09"]
[EventType "team-swiss"]
[EventRounds "9"]
[EventCountry "MAS"]
[SourceTitle "EXT 2020"]
[Source "ChessBase"]
[SourceDate "2019.10.17"]
[SourceVersion "1"]
[SourceVersionDate "2019.10.17"]
[SourceQuality "1"]
[WhiteTeam "Abu Dhabi"]
[BlackTeam "Sydney"]
[WhiteTeamCountry "UAE"]
[BlackTeamCountry "AUS"]

1. d4 d5 2. c4 c6 3. cxd5 cxd5 4. Nc3 Nf6 5. Bf4 a6 6. e3 Nc6 7. Bd3 Bg4 8. f3 Bd7 9. Nge2 e6 10. e4 dxe4 11. fxe4 Qb6 12. Na4 Qa5+ 13. Bd2 Nb4 14. 0-0 Qxa4 15. b3 Qc6 16. Rc1 Qb6 17. Bb1 Nc6 18. Bc3 Bd6 19. Kh1 e5 20. d5 Ne7 21. Qd2 Ng4 22. h3 Bc5 23. Ba5 Be3 24. Bxb6 Bxd2 25. hxg4 Bxc1 26. Nxc1 Bxg4 27. Bc5 Ng6 28. a3 h5 29. b4 h4 30. Ba2 h3 31. g3 f6 32. Kh2 Nf8 33. Nb3 Nd7 34. Be3 Rc8 35. Nc5 b6 36. Nxa6 Be2 37. Re1 Bxa6 0-1